000
00289nam a22001337a 4500
008
181105b xxu||||| |||| 00| 0 eng d
020
_a
9780934380690
041
_a
eng
080
_a
330
100
_a
50
101
_a
ECO
245
_a
How Trade In stocs
_c
Smitten.R
942
_2
udc
_c
BK
999
_c
51848
_d
51848